Republic of Latvia : 2019 Article IV Consultation-Press Release; and Staff Report.

This 2019 Article IV Consultation with Republic of Latvia highlights that the economy continued to expand rapidly in 2018, as growth surprised with a strong construction-driven upswing. Fiscal and current account deficits are at manageable levels, as is the public debt. The financial system remains...

সম্পূর্ণ বিবরণ

গ্রন্থ-পঞ্জীর বিবরন
সংস্থা লেখক: International Monetary Fund. European Dept
বিন্যাস: পত্রিকা
ভাষা:English
প্রকাশিত: Washington, D.C. : International Monetary Fund, 2019.
মালা:IMF Staff Country Reports; Country Report ; No. 2019/264
অনলাইন ব্যবহার করুন:Full text available on IMF
LEADER 02097cas a2200241 a 4500
001 AALejournalIMF015831
008 230101c9999 xx r poo 0 0eng d
020 |c 5.00 USD 
020 |z 9781513509983 
022 |a 1934-7685 
040 |a BD-DhAAL  |c BD-DhAAL 
110 2 |a International Monetary Fund.  |b European Dept. 
245 1 0 |a Republic of Latvia :   |b 2019 Article IV Consultation-Press Release; and Staff Report. 
264 1 |a Washington, D.C. :  |b International Monetary Fund,  |c 2019. 
300 |a 1 online resource (73 pages) 
490 1 |a IMF Staff Country Reports 
500 |a <strong>Off-Campus Access:</strong> No User ID or Password Required 
500 |a <strong>On-Campus Access:</strong> No User ID or Password Required 
506 |a Electronic access restricted to authorized BRAC University faculty, staff and students 
520 3 |a This 2019 Article IV Consultation with Republic of Latvia highlights that the economy continued to expand rapidly in 2018, as growth surprised with a strong construction-driven upswing. Fiscal and current account deficits are at manageable levels, as is the public debt. The financial system remains stable, despite a significant balance sheet restructuring of banks servicing foreign clients. The growth outlook is favourable; however, risks weigh on the downside due to a less supportive external environment. The financial system remains stable despite a significant balance sheet restructuring of banks servicing foreign clients. Banks remains well capitalized and liquid, with capital levels about 40 percent higher than the euro area average and average liquidity coverage four times the regulatory minimum. Higher productivity and investment growth are needed to offset the impact of Latvia's exceptionally unfavorable demographic trends and achieve robust long-term growth and rapid income convergence. 
538 |a Mode of access: Internet 
830 0 |a IMF Staff Country Reports; Country Report ;  |v No. 2019/264 
856 4 0 |z Full text available on IMF  |u http://elibrary.imf.org/view/journals/002/2019/264/002.2019.issue-264-en.xml  |z IMF e-Library